The Islander Lyrics - The Navigators - Statistics

General Stats
  • This quiz has been taken 8 times
    4 since last reset
  • The average score is 335 of 383
Answer Stats
Answer % Correct
a
100%
an
100%
and
100%
And
100%
as
100%
be
100%
born
100%
bred
100%
die.
100%
for
100%
free
100%
has
100%
have
100%
her
100%
here
100%
here's
100%
I
100%
if
100%
I'll
100%
I'm
100%
in
100%
In
100%
is
100%
Islander
100%
New
100%
Newfoundland.
100%
Newfoundlander
100%
no
100%
Now
100%
of
100%
oil
100%
on
100%
one
100%
or
100%
our
100%
place
100%
proud
100%
rather
100%
reason
100%
see.
100%
shore
100%
than
100%
that
100%
the
100%
The
100%
There's
100%
they
100%
till
100%
to
100%
too
100%
want
100%
waves
100%
way
100%
we
100%
what
100%
where
100%
why.
100%
wind
100%
would
100%
but
67%
city
67%
could
67%
fast
67%
fishery.
67%
Frenchmen
67%
had
67%
It
67%
it
67%
it's
67%
Labrador.
67%
life's
67%
lost
67%
me
67%
me.
67%
mind.
67%
Montreal
67%
my
67%
own
67%
sand.
67%
say
67%
some
67%
spent
67%
state
67%
take
67%
then
67%
time
67%
time.
67%
time,
67%
was
67%
wash
67%
York
67%
you're
67%
all
33%
answer
33%
been
33%
Cement
33%
damn
33%
fight
33%
find,
33%
flashing
33%
good
33%
lights
33%
make
33%
may
33%
more
33%
nearly
33%
nobody
33%
stand.
33%
steel
33%
surely
33%
before.
0%
better
0%
carefully
0%
changed
0%
day
0%
destroyed
0%
develope
0%
economy,
0%
else
0%
father
0%
fished
0%
going
0%
Harbor
0%
Including
0%
Indian
0%
living
0%
poor
0%
regret
0%
they'll
0%
tried
0%
No matching quizzes found
Score Distribution
Percent of People with Each Score
Percentile by Number Answered
Your Score History
You have not taken this quiz since the last reset